|
|
|
|
| LEADER |
00000nab a2200000 a 4500 |
| 001 |
vtls010486082 |
| 003 |
SK-MaSNL |
| 005 |
20260303090229.0 |
| 008 |
130128c2012 xo wr 0 0slo |
| 038 |
|
|
|a SLLK
|
| 040 |
|
|
|a SLLK
|b slo
|c sllk
|e AACR2
|
| 041 |
|
|
|a slo
|
| 044 |
|
|
|a xo
|c SK
|
| 080 |
|
|
|a 364.662
|2 2001
|
| 245 |
0 |
0 |
|a Chudobných ľudí pribúda aj u nás
|c [autor] (eh)
|
| 648 |
|
7 |
|a 2012
|2 snkbucl
|9 326619
|
| 650 |
0 |
7 |
|a chudoba
|2 SLLK
|9 14502
|
| 650 |
0 |
7 |
|a pomoc v hmotnej núdzi
|2 SLLK
|9 325863
|
| 651 |
|
7 |
|a Stará Ľubovňa (Slovensko)
|2 SLLK
|9 19193
|
| 773 |
0 |
|
|t Ľubovnianske noviny
|g Roč. XXXVII, č. 40 (2012), s. 3
|x 1338-0346
|
| 999 |
|
|
|c 1802401
|d 1804331
|